000 03451nab a2200325 i 4500
003 BR-BrBNA
005 20230911142134.0
008 230522b2019 bl.ar|pooa||| 00| 0 eng |
040 _aBR-BrBNA
_beng
072 _aE16
072 _aH60
100 _aBerseli, C.
100 _aBono, J.A.M.
100 _aSantos, S.A.
100 _aPereira, F.A.R.
100 _aReis Neto, J.F.
245 _aEconomic injury level of canjiqueira in native pastures in pantanal of Nhecolândia
500 _aPublicação on-line; 26 ref.; 1 table; 6 illus.; Summaries (En, Pt)
520 _a ABSTRACT - Pantanal plain has large extensions of land formed by many types of landscapes suitable to extensive livestock system. Open grasslands and lowlands are formed by forage such as grasses and forbs widely consumed by cattle. However, climatic and human factors can promote the dissemination of invasive shrub species such as canjiqueira (Byrsonima cydoniifolia A. Juss) making it necessary, in many cases, the human intervention to control the invasion. The present work had as objective to determine the economic threshold level to control canjiqueira through two methods: tractor driven blade and link chains pulled by tractor in different invasion levels plants per hectare. Economic Threshold proved to be a tool for efficient and effective management for making decisions of when and how to do the control of canjiqueira in natural pastures of Pantanal of Nhecolândia. Keywords: Byrsonim cydoniifolia A. Juss, cost control, beef cattle, economic threshold.
520 _a RESUMO - A planície pantaneira é composta por extensas áreas formadas por diversos tipos de paisagens utilizadas para a pecuária de corte, onde o nível tecnológico utilizado é baixo. O uso do solo é basicamente com forrageiras como gramíneas e herbáceas nativas para o consumo bovino. A invasão de espécies arbustivas nas pastagens é um dos problemas na redução da produtividade em bezerros dos produtores. Na região do pantanal da Nhecolândia, a disseminação da canjiqueira (Byrsonima cydoniifolia A. Juss) diminui a capacidade de suporte das forrageiras, fazendo-se necessária, em muitos casos, a intervenção do homem no controle dessa espécie. Este trabalho teve como objetivo encontrar o nível de dano econômico para o controle de canjiqueira no Pantanal da Nhecolândia, por meio de dois métodos: lâmina acoplada ao trator e corrente link tracionada por tratores. O nível de dano econômico para a decisão da limpeza com o link foi de 8% da cobertura da superfície do solo com a invasora; independentemente da infestação, o controle com a lâmina variou de 9% a 30%, de acordo com a densidade de invasão. O método com lâmina apresentou eficiência média de 83%, e o link de 70%. Palavras-chave: Byrsonima cydoniifolia A. Juss, custo de controle, pecuária de corte, limiar econômico.
650 _aERVA DANINHA
650 _aCUSTO
650 _aCONTROLE MECÂNICO
650 _aGADO DE CORTE
650 _aIMPACTO ECONÔMICO
773 0 _0886
_91816
_dLondrina-PR : Sociedade Brasileira da Ciência das Plantas Daninhas, 1978
_o2023-031023
_tPlanta Daninha (Brazil)
_x0100-8358; 1806-9681 (on-line)
_gv. 37 p. 1-9; (2019)
_wBR2023000393
856 _uhttps://www.scielo.br/j/pd/a/Qqw5prFQsfLfLwBNvdz3mpS/?format=pdf&lang=en
942 _cAnalítica
999 _c9171
_d9171